Introduction to cryptography / (Record no. 29043)

000 -LEADER
fixed length control field 00636 a2200193 4500
020 ## - INTERNATIONAL STANDARD BOOK NUMBER
International Standard Book Number 0387207562
020 ## - INTERNATIONAL STANDARD BOOK NUMBER
International Standard Book Number 9780387207568
082 04 - DEWEY DECIMAL CLASSIFICATION NUMBER
Classification number 003.54
090 ## - LOCALLY ASSIGNED LC-TYPE CALL NUMBER (OCLC); LOCAL CALL NUMBER (RLIN)
-- 411
-- 411
100 1# - MAIN ENTRY--PERSONAL NAME
Personal name Buchmann, Johannes.
245 10 - TITLE STATEMENT
Title Introduction to cryptography /
Statement of responsibility, etc. Johannes Buchmann.
250 ## - EDITION STATEMENT
Edition statement 2nd ed.
260 ## - PUBLICATION, DISTRIBUTION, ETC.
Place of publication, distribution, etc. [S.l.] :
Name of publisher, distributor, etc. Springer,
Date of publication, distribution, etc. 2004.
300 ## - PHYSICAL DESCRIPTION
Extent 351 p. ;
Dimensions 24 cm.
490 1# - SERIES STATEMENT
Series statement Undergraduate texts in mathematics.
830 #0 - SERIES ADDED ENTRY--UNIFORM TITLE
Uniform title Undergraduate texts in mathematics.
942 ## - ADDED ENTRY ELEMENTS (KOHA)
Institution code [OBSOLETE] SNS
Koha item type Book
Call number prefix 003.54 BUC
Holdings
Withdrawn status Lost status Damaged status Not for loan Permanent Location Current Location Date acquired Total Checkouts Full call number Barcode Date last seen Date last checked out Price effective from Koha item type
        School of Natural Sciences (SNS) School of Natural Sciences (SNS) 05/26/2016 1 003.54 BUC SNS0000337 03/02/2020 01/23/2018 05/26/2016 Book
© 2023 Central Library, National University of Sciences and Technology. All Rights Reserved.